<?xml version="1.0" encoding="UTF-8"?>
<record
    xmlns:xsi="http://www.w3.org/2001/XMLSchema-instance"
    xsi:schemaLocation="http://www.loc.gov/MARC21/slim http://www.loc.gov/standards/marcxml/schema/MARC21slim.xsd"
    xmlns="http://www.loc.gov/MARC21/slim">

  <leader>00892nam a22001457a 4500</leader>
  <datafield tag="999" ind1=" " ind2=" ">
    <subfield code="c">523837</subfield>
    <subfield code="d">523837</subfield>
  </datafield>
  <controlfield tag="008">231005b           ||||| |||| 00| 0 eng d</controlfield>
  <datafield tag="100" ind1=" " ind2=" ">
    <subfield code="a">Purewal, Alaya and Madhavan, MR</subfield>
    <subfield code="9">44056</subfield>
  </datafield>
  <datafield tag="245" ind1=" " ind2=" ">
    <subfield code="a">Parliamentary committees: Strengthening the scope and role </subfield>
  </datafield>
  <datafield tag="260" ind1=" " ind2=" ">
    <subfield code="a">Yojana</subfield>
  </datafield>
  <datafield tag="300" ind1=" " ind2=" ">
    <subfield code="a"> 67(9), Sep, 2023: p.17-21</subfield>
  </datafield>
  <datafield tag="520" ind1=" " ind2=" ">
    <subfield code="a">Parliamentary committees serve an important role in scrutinizing the work of the government and improving the quality of bills brought before parliamentary. The effectiveness of parliamentary committees is crucial to effective functioning of parliament. Reports submitted by the committees allow for informed debate in the parliament. additionally, committees provide a forum to build consensus across party lines, develop subject expertise and consult with experts and stakeholders. &#x2013; Reproduced </subfield>
  </datafield>
  <datafield tag="773" ind1=" " ind2=" ">
    <subfield code="a">Yojana</subfield>
  </datafield>
  <datafield tag="906" ind1=" " ind2=" ">
    <subfield code="a">PARLIAMENT</subfield>
  </datafield>
  <datafield tag="942" ind1=" " ind2=" ">
    <subfield code="c">AR</subfield>
  </datafield>
  <datafield tag="952" ind1=" " ind2=" ">
    <subfield code="0">0</subfield>
    <subfield code="1">0</subfield>
    <subfield code="2">ddc</subfield>
    <subfield code="4">0</subfield>
    <subfield code="7">0</subfield>
    <subfield code="9">398888</subfield>
    <subfield code="a">IIPA</subfield>
    <subfield code="b">IIPA</subfield>
    <subfield code="d">2023-10-05</subfield>
    <subfield code="h">67(9), Sep, 2023: p.17-21</subfield>
    <subfield code="p">AR129730</subfield>
    <subfield code="r">2023-10-05</subfield>
    <subfield code="y">AR</subfield>
  </datafield>
</record>
